[Event "Titled Tuesday intern op 22nd Sept"]
[Site "Chess.com INT"]
[Date "2020.09.22"]
[Round "6"]
[White "Gabrielian, Artur"]
[Black "Hansen, Eric"]
[Result "1-0"]
[WhiteElo "2463"]
[BlackElo "2606"]
[PlyCount "53"]
[GameId "1565481507090432"]
[EventDate "2020.09.22"]
[EventType "swiss (blitz)"]
[EventRounds "10"]
[EventCountry "USA"]
[SourceTitle "CBM 198 Extra"]
[Source "ChessBase"]
[SourceDate "2020.11.30"]
[SourceVersion "1"]
[SourceVersionDate "2020.11.30"]
[SourceQuality "1"]

1. e4 e5 2. Nc3 Bc5 3. g3 d6 4. Bg2 Nc6 5. Nge2 h5 6. h3 Be6 7. d3 Qd7 8. Nd5 Nge7 9. c3 f5 10. Bg5 fxe4 11. dxe4 Rf8 12. f4 a6 13. Qd3 exf4 14. Nexf4 Ne5 15. Qe2 Nxd5 16. exd5 Bf5 17. Qxh5+ g6 18. Qe2 Qa4 19. b3 Qa3 20. g4 Bd7 21. Be4 Bb5 22. Qc2 Kd7 23. Nxg6 Nxg6 24. Bf5+ Ke8 25. Bxg6+ Kd7 26. Bf5+ Ke8 27. Qe4+ 1-0

[Event "Titled Tuesday intern op 22nd Sept"]
[Site "Chess.com INT"]
[Date "2020.09.22"]
[Round "9"]
[White "Hansen, Eric"]
[Black "Le Goff, Ronan"]
[Result "1-0"]
[WhiteElo "2606"]
[BlackElo "2267"]
[PlyCount "113"]
[GameId "1565481509744640"]
[EventDate "2020.09.22"]
[EventType "swiss (blitz)"]
[EventRounds "10"]
[EventCountry "USA"]
[SourceTitle "CBM 198 Extra"]
[Source "ChessBase"]
[SourceDate "2020.11.30"]
[SourceVersion "1"]
[SourceVersionDate "2020.11.30"]
[SourceQuality "1"]

1. e4 e5 2. Nf3 Nc6 3. Bb5 a6 4. Ba4 d6 5. O-O Bd7 6. c3 g6 7. d4 Bg7 8. Bg5 f6 9. Be3 Nh6 10. h3 Nf7 11. Nbd2 O-O 12. Re1 f5 13. dxe5 Nfxe5 14. Nxe5 Nxe5 15. Bxd7 Qxd7 16. Bd4 Rae8 17. Qb3+ Qf7 18. exf5 Qxb3 19. axb3 gxf5 20. Bxe5 dxe5 21. Nc4 e4 22. Na5 Rd8 23. Rad1 b6 24. Nc6 Rxd1 25. Rxd1 Rf6 26. Rd8+ Bf8 27. Nd4 c5 28. Nc2 Rd6 29. Rxd6 Bxd6 30. Ne3 f4 31. Nc4 Bc7 32. Kf1 Kf7 33. Nd2 e3 34. fxe3 fxe3 35. Nc4 Ke6 36. Ke2 b5 37. Nxe3 Be5 38. Kd3 a5 39. g4 Bg7 40. Ke4 Bh8 41. h4 a4 42. bxa4 bxa4 43. Nd5 Kd6 44. g5 Ke6 45. h5 Bg7 46. h6 Bh8 47. Nf4+ Kd6 48. g6 hxg6 49. Nxg6 Bxc3 50. bxc3 a3 51. h7 a2 52. h8=Q a1=Q 53. Qd8+ Kc6 54. Ne5+ Kb5 55. Qb8+ Ka4 56. Qa7+ Kb3 57. Qxa1 1-0

[Event "Titled Tuesday intern op 22nd Sept"]
[Site "Chess.com INT"]
[Date "2020.09.22"]
[Round "10"]
[White "Tsvetkov, Andrey1"]
[Black "Hansen, Eric"]
[Result "1-0"]
[WhiteElo "2358"]
[BlackElo "2606"]
[PlyCount "97"]
[GameId "1565481510354944"]
[EventDate "2020.09.22"]
[EventType "swiss (blitz)"]
[EventRounds "10"]
[EventCountry "USA"]
[SourceTitle "CBM 198 Extra"]
[Source "ChessBase"]
[SourceDate "2020.11.30"]
[SourceVersion "1"]
[SourceVersionDate "2020.11.30"]
[SourceQuality "1"]

1. d4 Nf6 2. c4 e6 3. Nc3 Bb4 4. f3 O-O 5. a3 Bxc3+ 6. bxc3 Nh5 7. Nh3 f5 8. e4 Nc6 9. Ra2 b6 10. Bd3 Ba6 11. O-O Na5 12. Qe2 Qe8 13. e5 f4 14. Qe4 Rf5 15. d5 Nb3 16. Qe2 Rf8 17. Ng5 h6 18. Nh7 Rf5 19. Qc2 Nxc1 20. Rxc1 Qg6 21. Bxf5 Qxf5 22. Qa4 Qd3 23. Rac2 Bxc4 24. Qxd7 Bb3 25. Rf2 Qxd5 26. Qxc7 Kxh7 27. c4 Qd4 28. Qd6 Qxd6 29. exd6 Rd8 30. Rd2 Nf6 31. Rc3 Ba4 32. c5 bxc5 33. Rxc5 Nd5 34. Rc4 Bb5 35. Re4 Rxd6 36. Rxf4 Ra6 37. Re4 Kg6 38. Rb2 Ba4 39. Rb7 Nf6 40. Rd4 e5 41. Rc4 Be8 42. Rcc7 h5 43. Rxa7 Rd6 44. Rxg7+ Kf5 45. Rae7 Rd1+ 46. Kf2 Rd2+ 47. Kg3 Bb5 48. h4 Bf1 49. Rg5# 1-0

[Event "Speed Chess Super Swiss"]
[Site "Chess.com INT"]
[Date "2020.10.03"]
[Round "1"]
[White "Sumaneev, Dmitry"]
[Black "Hansen, Eric"]
[Result "0-1"]
[WhiteElo "2450"]
[BlackElo "2606"]
[PlyCount "88"]
[GameId "1568005783150592"]
[EventDate "2020.10.03"]
[EventType "swiss (blitz)"]
[EventRounds "15"]
[EventCountry "USA"]
[SourceTitle "CBM 198 Extra"]
[Source "ChessBase"]
[SourceDate "2020.11.30"]
[SourceVersion "1"]
[SourceVersionDate "2020.11.30"]
[SourceQuality "1"]

1. e4 c5 2. Nc3 Nc6 3. f4 e6 4. Nf3 a6 5. d3 Qc7 6. Be2 b5 7. O-O Bb7 8. Qe1 Nf6 9. Qg3 Nd4 10. Bd1 Nh5 11. Qh4 g6 12. Ne2 Be7 13. Qh3 Nxe2+ 14. Bxe2 Nxf4 15. Bxf4 Qxf4 16. Rae1 O-O 17. Kh1 c4 18. g3 Qe3 19. Bd1 Qc1 20. b3 cxd3 21. cxd3 Qc3 22. Be2 Rac8 23. Qh6 Qg7 24. Qe3 Rc2 25. a4 bxa4 26. bxa4 a5 27. Rc1 Rxc1 28. Rxc1 Bc6 29. Qd2 Bb4 30. Qc2 f5 31. Kg2 Qf6 32. Qc4 fxe4 33. dxe4 Bxa4 34. Rf1 Qb2 35. Rf2 Qc3 36. Qa6 Bc5 37. Rf1 Bc6 38. Qd3 Qxd3 39. Bxd3 a4 40. Rc1 Ba3 41. Rc4 Bb2 42. Bc2 Ra8 43. Nd4 Bxd4 44. Rxd4 a3 0-1

[Event "Speed Chess Super Swiss"]
[Site "Chess.com INT"]
[Date "2020.10.03"]
[Round "3"]
[White "Tomb, Maroun"]
[Black "Hansen, Eric"]
[Result "0-1"]
[WhiteElo "2084"]
[BlackElo "2606"]
[PlyCount "44"]
[GameId "1568005784289280"]
[EventDate "2020.10.03"]
[EventType "swiss (blitz)"]
[EventRounds "15"]
[EventCountry "USA"]
[SourceTitle "CBM 198 Extra"]
[Source "ChessBase"]
[SourceDate "2020.11.30"]
[SourceVersion "1"]
[SourceVersionDate "2020.11.30"]
[SourceQuality "1"]

1. e4 c5 2. Ne2 e6 3. d4 cxd4 4. Nxd4 a6 5. c4 Qc7 6. Bd3 Nf6 7. O-O Nc6 8. Be3 Ne5 9. Nc3 Neg4 10. g3 Nxe3 11. fxe3 b6 12. a4 Bb7 13. a5 bxa5 14. Qa4 Bb4 15. Rac1 Ng4 16. Nd5 exd5 17. cxd5 Qb6 18. Nf5 O-O 19. Qxd7 Nxe3 20. Kh1 Rad8 21. Ne7+ Bxe7 22. Qxe7 Nxf1 0-1

[Event "Speed Chess Super Swiss"]
[Site "Chess.com INT"]
[Date "2020.10.03"]
[Round "5"]
[White "Donchenko, Alexander"]
[Black "Hansen, Eric"]
[Result "1-0"]
[WhiteElo "2658"]
[BlackElo "2606"]
[PlyCount "119"]
[GameId "1568005785968640"]
[EventDate "2020.10.03"]
[EventType "swiss (blitz)"]
[EventRounds "15"]
[EventCountry "USA"]
[SourceTitle "CBM 198 Extra"]
[Source "ChessBase"]
[SourceDate "2020.11.30"]
[SourceVersion "1"]
[SourceVersionDate "2020.11.30"]
[SourceQuality "1"]

1. Nf3 Nf6 2. c4 g6 3. Nc3 d5 4. cxd5 Nxd5 5. h4 Bg7 6. e4 Nxc3 7. dxc3 Qxd1+ 8. Kxd1 Nd7 9. Nd4 Nc5 10. f3 Bd7 11. Be3 O-O-O 12. Kc2 e5 13. Nb5 Ne6 14. Nxa7+ Kb8 15. Nb5 Bf8 16. b4 Be7 17. a4 f5 18. Bd3 Nf4 19. Bxf4 exf4 20. e5 c5 21. Nd6 Bxd6 22. exd6 cxb4 23. cxb4 Be6 24. h5 Rxd6 25. Rad1 Rc8+ 26. Kb2 Rd4 27. Bc2 Rxb4+ 28. Ka3 Rbc4 29. Bb3 Rc3 30. Rb1 Re3 31. hxg6 hxg6 32. Kb4 Bxb3 33. Rxb3 Rc2 34. Rh2 Ka7 35. Ka3 g5 36. Kb4 g4 37. Rh5 Rc6 38. a5 Rf6 39. Rg5 gxf3 40. gxf3 Ka6 41. Rc3 Rxc3 42. Kxc3 Kxa5 43. Kd4 b5 44. Ke5 Rf8 45. Rg7 b4 46. Rb7 Ka4 47. Ra7+ Kb3 48. Kxf4 Kb2 49. Ke5 b3 50. f4 Kb1 51. Rb7 b2 52. Rb6 Kc2 53. Rc6+ Kb1 54. Rb6 Rc8 55. Kxf5 Kc2 56. Ke5 Rc5+ 57. Kd4 Rf5 58. Ke4 Rf8 59. f5 Kb1 60. Rb7 1-0

[Event "Speed Chess Super Swiss"]
[Site "Chess.com INT"]
[Date "2020.10.03"]
[Round "9"]
[White "Hansen, Eric"]
[Black "Golubev, Mikhail"]
[Result "1-0"]
[WhiteElo "2606"]
[BlackElo "2461"]
[PlyCount "67"]
[GameId "1568005787934720"]
[EventDate "2020.10.03"]
[EventType "swiss (blitz)"]
[EventRounds "15"]
[EventCountry "USA"]
[SourceTitle "CBM 198 Extra"]
[Source "ChessBase"]
[SourceDate "2020.11.30"]
[SourceVersion "1"]
[SourceVersionDate "2020.11.30"]
[SourceQuality "1"]

1. e4 c5 2. Nf3 d6 3. Bc4 Nf6 4. d3 e6 5. O-O Be7 6. Re1 O-O 7. h3 b6 8. Nc3 Bb7 9. e5 dxe5 10. Nxe5 Nc6 11. Bf4 Nxe5 12. Bxe5 Nd7 13. Bg3 Bf6 14. Qd2 a6 15. a4 Re8 16. Rad1 Bd4 17. Bb3 Nf6 18. Ne2 Nd5 19. Nxd4 cxd4 20. Be5 Ne7 21. Qg5 Nf5 22. Qxd8 Rexd8 23. Bc7 Rd7 24. Bxb6 g6 25. a5 h5 26. Re5 Kg7 27. Rde1 Nh4 28. Rg5 f5 29. f4 Bxg2 30. Rxg2 Nf3+ 31. Kf2 Nxe1 32. Kxe1 Kf6 33. Re2 Re8 34. Ba4 1-0

[Event "Speed Chess Super Swiss"]
[Site "Chess.com INT"]
[Date "2020.10.03"]
[Round "10"]
[White "Sanikidze, Tornike"]
[Black "Hansen, Eric"]
[Result "1-0"]
[WhiteElo "2458"]
[BlackElo "2606"]
[PlyCount "129"]
[GameId "1568005788868608"]
[EventDate "2020.10.03"]
[EventType "swiss (blitz)"]
[EventRounds "15"]
[EventCountry "USA"]
[SourceTitle "CBM 198 Extra"]
[Source "ChessBase"]
[SourceDate "2020.11.30"]
[SourceVersion "1"]
[SourceVersionDate "2020.11.30"]
[SourceQuality "1"]

1. d4 Nf6 2. c4 b6 3. Nc3 Bb7 4. Qc2 Nc6 5. Nf3 e6 6. a3 d6 7. e4 e5 8. d5 Ne7 9. g3 g6 10. Bg2 Bg7 11. O-O a5 12. Rb1 a4 13. Re1 Qd7 14. h3 O-O 15. g4 Kh8 16. Ne2 c6 17. Nc3 cxd5 18. cxd5 Rfc8 19. Be3 Qd8 20. Qd2 Nd7 21. Bf1 Nc5 22. Qd1 h6 23. Nd2 f5 24. exf5 gxf5 25. gxf5 Nxf5 26. Qh5 Nxe3 27. fxe3 e4 28. Kh1 Qe8 29. Qxe8+ Rxe8 30. Bg2 Bxc3 31. bxc3 Bxd5 32. Rxb6 Re6 33. c4 Bb7 34. Reb1 Ra7 35. Kh2 Kg7 36. Rf1 Bc8 37. Rg1 Kh8 38. Bf1 Rg7 39. Rb8 Rxg1 40. Kxg1 Re8 41. Bg2 Rg8 42. Kh2 Bf5 43. Rb6 Rg6 44. Rb8+ Kg7 45. Rb1 Kf6 46. Rg1 Ke5 47. Rf1 Rg5 48. Rf2 Rg6 49. Rf1 Rf6 50. Re1 Nd3 51. Rg1 h5 52. Nf1 h4 53. Nd2 d5 54. c5 d4 55. Nb3 dxe3 56. Nd4 Kxd4 57. c6 e2 58. c7 Rc6 59. Re1 Rxc7 60. Rxe2 Nf4 61. Rf2 Ke5 62. Rxf4 Rc2 63. Rf2 Kd4 64. Rf1 Ke3 65. Re1+ 1-0

[Event "Titled Tuesday intern op 17th Nov"]
[Site "Chess.com INT"]
[Date "2020.11.17"]
[Round "2"]
[White "Bagheri, Amir"]
[Black "Hansen, Eric"]
[Result "0-1"]
[WhiteElo "2348"]
[BlackElo "2606"]
[PlyCount "64"]
[GameId "1585794355957760"]
[EventDate "2020.11.17"]
[EventType "swiss (blitz)"]
[EventRounds "11"]
[EventCountry "USA"]
[SourceTitle "CBM 199 Extra"]
[Source "ChessBase"]
[SourceDate "2021.01.31"]
[SourceVersion "1"]
[SourceVersionDate "2021.01.31"]
[SourceQuality "1"]

1. d4 Nf6 2. Nf3 g6 3. Bf4 Bg7 4. e3 O-O 5. Nbd2 d6 6. Be2 b6 7. h3 Bb7 8. O-O c5 9. c3 a6 10. a4 Nbd7 11. Qc2 Rc8 12. Bh2 Rc7 13. Rad1 Qa8 14. Rfe1 Rfc8 15. Qb3 Bd5 16. Qa3 h6 17. Bd3 Ne4 18. Nxe4 Bxe4 19. Bxe4 Qxe4 20. Qb3 Rb7 21. Nd2 Qc6 22. d5 Qc7 23. e4 b5 24. axb5 axb5 25. Ra1 c4 26. Qc2 Nc5 27. Re2 Qd7 28. Nf3 Nd3 29. b4 Nxb4 30. Qd2 Nd3 31. Nd4 b4 32. Nc6 Bxc3 0-1

[Event "Titled Tuesday intern op 17th Nov"]
[Site "Chess.com INT"]
[Date "2020.11.17"]
[Round "3"]
[White "Hansen, Eric"]
[Black "Anisimov, Pavel"]
[Result "1-0"]
[WhiteElo "2606"]
[BlackElo "2527"]
[PlyCount "43"]
[GameId "1585794357092352"]
[EventDate "2020.11.17"]
[EventType "swiss (blitz)"]
[EventRounds "11"]
[EventCountry "USA"]
[SourceTitle "CBM 199 Extra"]
[Source "ChessBase"]
[SourceDate "2021.01.31"]
[SourceVersion "1"]
[SourceVersionDate "2021.01.31"]
[SourceQuality "1"]

1. e4 c5 2. Nf3 d6 3. Bc4 Nf6 4. d3 e6 5. O-O Nc6 6. h3 a6 7. a3 Be7 8. Nc3 b5 9. Ba2 Bb7 10. Ne2 O-O 11. Ng3 d5 12. e5 Nd7 13. Re1 Qc7 14. Bf4 a5 15. Qd2 b4 16. Nh5 Rfe8 17. Bxd5 exd5 18. e6 Bd6 19. Bxd6 Qxd6 20. Qg5 g6 21. exd7 Red8 22. Qh6 1-0

[Event "Titled Tuesday intern op 17th Nov"]
[Site "Chess.com INT"]
[Date "2020.11.17"]
[Round "4"]
[White "Sapunov, Evgeny"]
[Black "Hansen, Eric"]
[Result "0-1"]
[WhiteElo "2461"]
[BlackElo "2606"]
[PlyCount "34"]
[GameId "1585794358190080"]
[EventDate "2020.11.17"]
[EventType "swiss (blitz)"]
[EventRounds "11"]
[EventCountry "USA"]
[SourceTitle "CBM 199 Extra"]
[Source "ChessBase"]
[SourceDate "2021.01.31"]
[SourceVersion "1"]
[SourceVersionDate "2021.01.31"]
[SourceQuality "1"]

1. c4 e5 2. Nf3 Nc6 3. Nc3 Bb4 4. Qc2 Bxc3 5. Qxc3 Qe7 6. d4 d6 7. a3 a5 8. b3 Nf6 9. Bb2 e4 10. d5 exf3 11. dxc6 fxe2 12. Bxe2 O-O 13. cxb7 Bxb7 14. f3 Rfe8 15. Qd2 Nh5 16. Kf2 Nf4 17. Rae1 Qg5 0-1

[Event "Titled Tuesday intern op 17th Nov"]
[Site "Chess.com INT"]
[Date "2020.11.17"]
[Round "6"]
[White "Hansen, Eric"]
[Black "Pridorozhni, Aleksei"]
[Result "1-0"]
[WhiteElo "2606"]
[BlackElo "2590"]
[PlyCount "177"]
[GameId "1585794361057280"]
[EventDate "2020.11.17"]
[EventType "swiss (blitz)"]
[EventRounds "11"]
[EventCountry "USA"]
[SourceTitle "CBM 199 Extra"]
[Source "ChessBase"]
[SourceDate "2021.01.31"]
[SourceVersion "1"]
[SourceVersionDate "2021.01.31"]
[SourceQuality "1"]

1. e4 c5 2. Nf3 e6 3. d4 cxd4 4. Nxd4 Nf6 5. Nc3 Nc6 6. Ndb5 Bc5 7. Bf4 O-O 8. Bc7 Qe7 9. Bd6 Bxd6 10. Qxd6 Qd8 11. Qc7 a6 12. Qxd8 Rxd8 13. Nd6 Ne8 14. Nxe8 Rxe8 15. O-O-O b5 16. f4 f6 17. Be2 Kf8 18. Rhe1 Ke7 19. Nd5+ Kd8 20. Nb6 Rb8 21. Nxc8 Rxc8 22. c3 Kc7 23. Kc2 Red8 24. Rd2 Rb8 25. Red1 a5 26. Rd3 b4 27. Rh3 h6 28. Rg3 Rg8 29. Rgd3 Rgd8 30. Rd6 Rb6 31. c4 b3+ 32. Kc3 bxa2 33. c5 Rb4 34. Bc4 Ra4 35. Ra1 Rb8 36. b3 Rab4 37. Rxa2 R4b7 38. Rad2 Rd8 39. g3 Rb4 40. Ra2 Rbb8 41. h4 g5 42. Rad2 gxh4 43. gxh4 h5 44. Ra2 Rg8 45. Rad2 Rg3+ 46. R6d3 Rxd3+ 47. Bxd3 Rg8 48. Be2 Rg3+ 49. Rd3 Rg2 50. Bxh5 Rf2 51. Be8 Nb8 52. h5 Rxf4 53. Rh3 Rg4 54. h6 Rg8 55. Bf7 Rh8 56. h7 Nc6 57. Bg8 Ne7 58. Rg3 Kc6 59. Kc4 f5 60. Rg7 Nc8 61. exf5 exf5 62. Bd5+ Kc7 63. Be6 f4 64. Rxd7+ Kc6 65. Rf7 Nd6+ 66. cxd6 Kxd6 67. Bd5 Ke5 68. Ra7 Rc8+ 69. Kd3 Kxd5 70. Rxa5+ Ke6 71. Rh5 Rh8 72. b4 Kf6 73. b5 Kg7 74. b6 Rd8+ 75. Ke4 Kh8 76. b7 Rb8 77. Rb5 Kxh7 78. Kxf4 Kg7 79. Ke5 Kf7 80. Kd6 Ke8 81. Kc7 Rd8 82. Re5+ Kf7 83. Kxd8 Kf6 84. Re7 Kf5 85. b8=Q Kg4 86. Qe5 Kf3 87. Qf6+ Kg4 88. Rg7+ Kh5 89. Qg5# 1-0

[Event "Titled Tuesday intern op 17th Nov"]
[Site "Chess.com INT"]
[Date "2020.11.17"]
[Round "9"]
[White "Hansen, Eric"]
[Black "Matlakov, Maxim"]
[Result "1-0"]
[WhiteElo "2606"]
[BlackElo "2685"]
[PlyCount "35"]
[GameId "1585794362941440"]
[EventDate "2020.11.17"]
[EventType "swiss (blitz)"]
[EventRounds "11"]
[EventCountry "USA"]
[SourceTitle "CBM 199 Extra"]
[Source "ChessBase"]
[SourceDate "2021.01.31"]
[SourceVersion "1"]
[SourceVersionDate "2021.01.31"]
[SourceQuality "1"]

1. e4 c5 2. Nf3 e6 3. d4 cxd4 4. Nxd4 Nc6 5. Nc3 Qc7 6. Be3 a6 7. Qd2 Nf6 8. O-O-O Bb4 9. f3 O-O 10. g4 b5 11. g5 Nh5 12. Kb1 Ne5 13. Ncxb5 Qa5 14. Nc3 Bb7 15. Be2 Rfc8 16. Nb3 Bxc3 17. Nxa5 Bxd2 18. Rxd2 1-0

[Event "Titled Tuesday intern op 17th Nov"]
[Site "Chess.com INT"]
[Date "2020.11.17"]
[Round "11"]
[White "Hansen, Eric"]
[Black "Wojtaszek, Radoslaw"]
[Result "1-0"]
[WhiteElo "2606"]
[BlackElo "2705"]
[PlyCount "73"]
[GameId "1585794364628992"]
[EventDate "2020.11.17"]
[EventType "swiss (blitz)"]
[EventRounds "11"]
[EventCountry "USA"]
[SourceTitle "CBM 199 Extra"]
[Source "ChessBase"]
[SourceDate "2021.01.31"]
[SourceVersion "1"]
[SourceVersionDate "2021.01.31"]
[SourceQuality "1"]

1. e4 c6 2. Nc3 d5 3. Nf3 Bg4 4. h3 Bxf3 5. Qxf3 e6 6. d4 dxe4 7. Nxe4 Nd7 8. c3 Ngf6 9. Bd3 Nxe4 10. Qxe4 Nf6 11. Qe2 Be7 12. O-O O-O 13. Re1 a5 14. a4 Re8 15. Bc4 Nd5 16. Qg4 Bf6 17. Re2 g6 18. Bh6 Bg7 19. Bg5 Qd6 20. Rae1 h6 21. Bc1 h5 22. Qf3 Rab8 23. Bg5 Rbc8 24. g3 Qd7 25. Kg2 Qd6 26. Bb3 Qf8 27. h4 Ne7 28. g4 hxg4 29. Qxg4 Bh6 30. h5 Bxg5 31. Qxg5 Qg7 32. Bxe6 fxe6 33. Rxe6 Rc7 34. hxg6 Rd7 35. R1e5 b6 36. f4 c5 37. f5 1-0

[Event "Titled Tuesday intern op 22nd Dec"]
[Site "Chess.com INT"]
[Date "2020.12.22"]
[Round "1"]
[White "Hansen, Eric"]
[Black "Bouchet, Sebastien"]
[Result "1-0"]
[WhiteElo "2606"]
[BlackElo "2180"]
[PlyCount "77"]
[GameId "1598440686481408"]
[EventDate "2020.12.22"]
[EventType "swiss (blitz)"]
[EventRounds "11"]
[EventCountry "USA"]
[SourceTitle "CBM 199 Extra"]
[Source "ChessBase"]
[SourceDate "2021.01.31"]
[SourceVersion "1"]
[SourceVersionDate "2021.01.31"]
[SourceQuality "1"]

1. e4 c5 2. Nf3 g6 3. Bc4 Bg7 4. O-O Nc6 5. Re1 e5 6. c3 Nge7 7. a3 d6 8. b4 O-O 9. d3 h6 10. Be3 Kh7 11. bxc5 dxc5 12. Bxc5 f5 13. exf5 Bxf5 14. Qe2 b6 15. Bxe7 Qxe7 16. Bd5 Rac8 17. Be4 Na5 18. c4 Nb3 19. Ra2 Bxe4 20. Qxe4 Nc5 21. Qe3 Rcd8 22. Rd2 Rfe8 23. Nc3 Nb3 24. Ra2 Qf7 25. Nd5 Nd4 26. Nxd4 exd4 27. Qd2 Rxe1+ 28. Qxe1 Re8 29. Re2 Rxe2 30. Qxe2 Qf8 31. Qa2 Qe8 32. Kf1 Qe5 33. g3 Bf8 34. a4 Bd6 35. a5 bxa5 36. Qxa5 Bb8 37. Qd8 Kg7 38. Qd7+ Kg8 39. Ne7+ 1-0

[Event "Titled Tuesday intern op 22nd Dec"]
[Site "Chess.com INT"]
[Date "2020.12.22"]
[Round "3"]
[White "Hansen, Eric"]
[Black "Gusarov, Grigory"]
[Result "1-0"]
[WhiteElo "2606"]
[BlackElo "2354"]
[PlyCount "113"]
[GameId "1598440688992256"]
[EventDate "2020.12.22"]
[EventType "swiss (blitz)"]
[EventRounds "11"]
[EventCountry "USA"]
[SourceTitle "CBM 199 Extra"]
[Source "ChessBase"]
[SourceDate "2021.01.31"]
[SourceVersion "1"]
[SourceVersionDate "2021.01.31"]
[SourceQuality "1"]

1. e4 c6 2. Nf3 Na6 3. d4 Nc7 4. Bd3 d5 5. e5 Bg4 6. Nbd2 e6 7. h3 Bh5 8. O-O Ne7 9. Re1 c5 10. dxc5 Nc6 11. Nb3 Be7 12. c3 a5 13. a4 O-O 14. Bb5 Na6 15. Bxa6 Rxa6 16. Qd3 Bxf3 17. Qxf3 Qc7 18. Bf4 Rc8 19. Qg3 Kh8 20. Re2 Nb8 21. Nd4 Bxc5 22. Nb5 Qd8 23. Rd1 Be7 24. b3 Qf8 25. Red2 Nc6 26. c4 Nb4 27. Qf3 Raa8 28. Be3 h6 29. g3 Rc6 30. Nd4 Rcc8 31. Nb5 Rc6 32. Na7 Ra6 33. cxd5 Nxd5 34. Nb5 Rc6 35. Rd3 Rc2 36. h4 Rac8 37. Na7 R8c3 38. Nb5 Rxd3 39. Rxd3 Kg8 40. Bd2 Qd8 41. Nc3 Bb4 42. Nxd5 exd5 43. Rxd5 Qe7 44. Bxb4 axb4 45. Qd3 Rc1+ 46. Kg2 Rc8 47. Qf5 Re8 48. Rb5 b6 49. Rxb6 Qxe5 50. Qxe5 Rxe5 51. Rb8+ Kh7 52. Rxb4 Re2 53. a5 Ra2 54. Ra4 Rb2 55. a6 Rxb3 56. a7 Rb2 57. a8=Q 1-0

[Event "Titled Tuesday intern op 22nd Dec"]
[Site "Chess.com INT"]
[Date "2020.12.22"]
[Round "6"]
[White "Vastrukhin, Oleg"]
[Black "Hansen, Eric"]
[Result "0-1"]
[WhiteElo "2401"]
[BlackElo "2606"]
[PlyCount "100"]
[GameId "1598440692080640"]
[EventDate "2020.12.22"]
[EventType "swiss (blitz)"]
[EventRounds "11"]
[EventCountry "USA"]
[SourceTitle "CBM 199 Extra"]
[Source "ChessBase"]
[SourceDate "2021.01.31"]
[SourceVersion "1"]
[SourceVersionDate "2021.01.31"]
[SourceQuality "1"]

1. Nf3 d5 2. g3 g6 3. Bg2 Bg7 4. d4 Nf6 5. O-O O-O 6. Nbd2 Bg4 7. c3 c6 8. h3 Bxf3 9. Bxf3 Nbd7 10. e4 dxe4 11. Nxe4 Nxe4 12. Bxe4 e5 13. dxe5 Nxe5 14. Qb3 Qc8 15. Bg2 Re8 16. Be3 a5 17. a4 Qe6 18. Qxe6 Rxe6 19. Rad1 Rae8 20. b3 f5 21. Bb6 Ra8 22. Rfe1 Ree8 23. f4 Nf7 24. Rxe8+ Rxe8 25. Bxa5 Bf8 26. b4 Nd6 27. Bc7 Nc4 28. a5 Re3 29. a6 bxa6 30. Bxc6 Rxc3 31. Rd7 Nb6 32. Bxb6 Rxc6 33. Ba5 h5 34. Ra7 Bg7 35. Kg2 Bd4 36. Rd7 Bf6 37. Kf3 Kf8 38. Rb7 Ke8 39. Bb6 Be7 40. Ba5 Rc3+ 41. Kg2 Rc6 42. Kf3 Bd6 43. Rg7 Be7 44. Rh7 Rc3+ 45. Kg2 Rc6 46. Kf3 Bf6 47. Rb7 Bd4 48. Rb8+ Kd7 49. Rb7+ Ke6 50. Ke2 Kd5 0-1

[Event "Titled Tuesday intern op 22nd Dec"]
[Site "Chess.com INT"]
[Date "2020.12.22"]
[Round "7"]
[White "Hansen, Eric"]
[Black "Sjugirov, Sanan"]
[Result "1-0"]
[WhiteElo "2606"]
[BlackElo "2663"]
[PlyCount "75"]
[GameId "1598440692768768"]
[EventDate "2020.12.22"]
[EventType "swiss (blitz)"]
[EventRounds "11"]
[EventCountry "USA"]
[SourceTitle "CBM 199 Extra"]
[Source "ChessBase"]
[SourceDate "2021.01.31"]
[SourceVersion "1"]
[SourceVersionDate "2021.01.31"]
[SourceQuality "1"]

1. e4 c5 2. Nf3 d6 3. Bb5+ Nd7 4. c3 Ngf6 5. Qe2 a6 6. Ba4 b5 7. Bc2 Bb7 8. O-O e5 9. d4 Be7 10. d5 O-O 11. a4 c4 12. Be3 Ng4 13. Bd2 Nc5 14. Na3 Qd7 15. Rfb1 f5 16. exf5 Bxd5 17. h3 Nf6 18. Be3 Nd3 19. b3 Qxf5 20. axb5 axb5 21. Nxb5 Nf4 22. Bxf5 Nxe2+ 23. Kf1 Rab8 24. Kxe2 Rxb5 25. Nd2 Bf7 26. bxc4 Rxb1 27. Rxb1 g6 28. Bd3 Rc8 29. Rb6 Kf8 30. g4 Nd7 31. Rb7 Nc5 32. Ra7 Nxd3 33. Kxd3 Be6 34. f3 Ke8 35. Ra6 h5 36. c5 Bd7 37. c4 hxg4 38. hxg4 1-0

[Event "Titled Tuesday intern op 22nd Dec"]
[Site "Chess.com INT"]
[Date "2020.12.22"]
[Round "8"]
[White "Khusnutdinov, Rustam"]
[Black "Hansen, Eric"]
[Result "1-0"]
[WhiteElo "2491"]
[BlackElo "2606"]
[PlyCount "71"]
[GameId "1598440693583872"]
[EventDate "2020.12.22"]
[EventType "swiss (blitz)"]
[EventRounds "11"]
[EventCountry "USA"]
[SourceTitle "CBM 199 Extra"]
[Source "ChessBase"]
[SourceDate "2021.01.31"]
[SourceVersion "1"]
[SourceVersionDate "2021.01.31"]
[SourceQuality "1"]

1. d4 Nf6 2. c4 g6 3. Nc3 d5 4. Bg5 Ne4 5. Bh4 Nxc3 6. bxc3 Bg7 7. e3 c5 8. cxd5 Qxd5 9. Qf3 Qd6 10. Bb5+ Nd7 11. Ne2 cxd4 12. exd4 O-O 13. O-O a6 14. Bd3 e5 15. Rad1 Qa3 16. Bc4 exd4 17. Bb3 Ne5 18. Qg3 Bg4 19. cxd4 Qb2 20. f3 Qxe2 21. fxg4 Nc6 22. d5 Nd4 23. d6 Be5 24. Qf2 Qxf2+ 25. Bxf2 Nxb3 26. axb3 b5 27. Bb6 f6 28. d7 Rfd8 29. g5 Kf7 30. gxf6 a5 31. Rd5 Bc3 32. Re1 a4 33. bxa4 bxa4 34. Bxd8 Rxd8 35. Re7+ Kxf6 36. Re8 1-0